000 00456nam a2200181Ia 4500
001 7546
005 20260306160503.0
008 260306t2018||||xx |||||||||||||| ||spa||
041 _aESP
082 _a339.460985
_bA38
100 _aAldana, Ursula
_eAUT
245 0 _aDesigualdad y pobreza en un contexto de crecimiento económico
260 _c2018
300 _a307 páginas :
_c20 cm.
650 _aGEN
654 _aCAN
942 _cLIB
_dJUS
_fJUS
_2ddc
_n
999 _c7546
_d7546